Maamerkkejä #1 - kuvavisa - Statistics

Yleistilastot
  • Tätä visaa on pelattu 1 480 kertaa
  • Keskiarvotulos 12 / 18
Vastaustilastot
Kuvavisa Vastaus % Oikein
Vapaudenpatsas
98%
Kiinan muuri
96%
Egyptin pyramidit
94%
Eiffel-torni
93%
Pisan kalteva torni
91%
Colosseum
88%
Sydneyn oopperatalo
80%
Pieni merenneito
76%
Taj Mahal
76%
Stonehenge
73%
Empire State Building
61%
Golden Gate Bridge
61%
Machu Picchu
57%
Fuji
56%
{Brandenburgin} portti
41%
{Washington}-monumentti
35%
Matterhorn
24%
Sokeritoppa
20%
Ehtoja vastaavia visoja ei löytynyt
Tulosjakauma
Jokaisen tuloksen saaneiden osuus
Persentiili vastausten määrän mukaan
Tuloshistoriasi
Et ole pelannut tätä visaa